| 000 | 01004nam a22002777a 4500 | ||
|---|---|---|---|
| 001 | 5521 | ||
| 003 | FISKH | ||
| 005 | 20241216135620.0 | ||
| 008 | 241216b cb ||||| |||| 00| 0 eng d | ||
| 020 | _a9781565650282 | ||
| 040 |
_aFISKH _beng _cFISKH _dFISKH |
||
| 050 | _aQH313.P38 | ||
| 082 | _a591.1 | ||
| 100 | _aPearce, Q. L. | ||
| 245 |
_aWhy is a frog not a toad ? : _bdiscovering the differecnces between animal look-alikes / _cby Q. L. Pearce : illustrated by Ron Mazellan |
||
| 260 |
_aLos Angeles : _bLowell House ; _c1992. |
||
| 300 |
_a28 unnumbered pages : _bcolor illustrations ; _c26 cm . |
||
| 505 | _aS | ||
| 520 | _aExamines the differences in pairs of animals that are often confused because of their similarities in appearance, such as wolves and coyotes or wasps and bees. | ||
| 521 | 8 |
_a790
_bLexile estimate |
|
| 521 | 8 |
_aS
_bRaz-Plus |
|
| 650 |
_azoology _vNon-fiction |
||
| 700 |
_aMazellan, Ron _eillustrator |
||
| 942 |
_2ddc _cBK _n0 |
||
| 999 |
_c5521 _d5521 |
||